Food Network's 50 Most Saved Recipes - Statistics

General Stats
  • This quiz has been taken 145 times
  • The average score is 26 of 50
Answer Stats
Chef Dish % Correct
Ree Drummond Chicken Spaghetti
96%
Giada De Laurentiis Chicken Cacciatore
89%
Tyler Florence Chicken Parmesan
89%
Giada De Laurentiis Chicken Parmesan
89%
Giada De Laurentiis Chicken Piccata
89%
Ina Garten Chicken Pot Pie
89%
Giada De Laurentiis Chicken Tetrazzini
89%
Trisha Yearwood Chicken Tortilla Casserole
89%
Ina Garten Lemon Chicken Breasts
89%
Ina Garten Perfect Roast Chicken
89%
Giada De Laurentiis Roman-Style Chicken
89%
Food Network Kitchen Skillet Rosemary Chicken
89%
Ina Garten Chocolate Cake
85%
Ina Garten Lemon Yogurt Cake
85%
Ree Drummond Best Tomato Soup Ever
75%
Ree Drummond Broccoli Cheese Soup
73%
Ree Drummond Twice-Baked Potato Casserole
68%
Ree Drummond Chicken-Fried Steak with Gravy
67%
Ree Drummond Salisbury Steak
67%
Ina Garten Garlic Roasted Potatoes
64%
Giada De Laurentiis Lasagna Rolls
64%
Trisha Yearwood Charleston Cheese Dip
63%
Ree Drummond Twice-Baked Potatoes
62%
Ina Garten Asian Grilled Salmon
57%
Giada De Laurentiis Salmon Baked in Foil
57%
Ina Garten Mac and Cheese
55%
Ree Drummond Macaroni and Cheese
55%
Trisha Yearwood Slow-Cooker Macaroni and Cheese
55%
Alton Brown Stovetop Mac and Cheese
55%
Food Network Kitchen Lemon-Garlic Shrimp and Grits
54%
Giada De Laurentiis Lemon Ricotta Cookies with Lemon Glaze
53%
Ina Garten Linguine with Shrimp Scampi
46%
Tyler Florence Shrimp Scampi with Linguini
46%
Ina Garten Baked Shrimp Scampi
45%
Ree Drummond Knock-You-Naked Brownies
33%
Giada De Laurentiis Baked Penne with Roasted Vegetables
30%
Food Network Kitchen Low-Cal Fettuccine Alfredo
20%
Tyler Florence Chicken Enchiladas
15%
Giada De Laurentiis Parmesan-Crusted Pork Chops
15%
Tyler Florence Smothered Pork Chops
15%
Ree Drummond Perfect Pot Roast
14%
Ree Drummond Restaurant-Style Salsa
14%
Ellie Krieger Zucchini Parmesan Crisps
12%
Alton Brown Guacamole
10%
Ina Garten Roasted Brussels Sprouts
8%
Ree Drummond Baked Ziti
7%
Trisha Yearwood No-Bake Chocolate-Pretzel-Peanut-Butter Squares
7%
Daphne Brogdon The Best Cauliflower Ever
7%
Ree Drummond Blackberry Cobbler
5%
Ree Drummond Simple Perfect Enchiladas
3%
No matching quizzes found
Score Distribution
Percent of People with Each Score
Percentile by Number Answered
Your Score History
You have not taken this quiz